Online
Catalog

Hacia una moral sin dogmas / (Record no. 11109)

MARC details
000 -CABECERA
campo de control de longitud fija 00739cam a2200241 a 4500
001 - NÚMERO DE CONTROL
campo de control 000011403
005 - FECHA Y HORA DE LA ÚLTIMA TRANSACCIÓN
campo de control 20240514073717.0
008 - DATOS DE LONGITUD FIJA--INFORMACIÓN GENERAL
campo de control de longitud fija 930712s1956 mx 001 0 spa d
035 ## - NÚMERO DE CONTROL DEL SISTEMA
Número de control de sistema (DLC) 92113085
035 ## - NÚMERO DE CONTROL DEL SISTEMA
Número de control de sistema (OCoLC)3450534
040 ## - FUENTE DE LA CATALOGACIÓN
Centro catalogador/agencia de origen DO-SdBNP
Lengua de catalogación spa
Centro/agencia transcriptor FOFT
Centro/agencia modificador BNPHU
082 ## - NÚMERO DE LA CLASIFICACIÓN DECIMAL DEWEY
Número de clasificación 170
Número de documento/Ítem I46h
049 ## - FONDOS LOCALES (OCLC)
Fondos de biblioteca BNGR
100 1# - ENTRADA PRINCIPAL--NOMBRE DE PERSONA
Nombre de persona Ingenieros, José,
Fechas asociadas al nombre 1877-1925.
9 (RLIN) 16601
245 10 - MENCIÓN DE TÍTULO
Título Hacia una moral sin dogmas /
Mención de responsabilidad, etc. José Ingenieros.
260 ## - PUBLICACIÓN, DISTRIBUCIÓN, ETC.
Lugar de publicación, distribución, etc. México :
Nombre del editor, distribuidor, etc. Latino Americana,
Fecha de publicación, distribución, etc. 1956.
300 ## - DESCRIPCIÓN FÍSICA
Extensión 137 p. ;
Dimensiones 21< cm.
600 10 - PUNTO DE ACCESO ADICIONAL DE MATERIA--NOMBRE DE PERSONA
Nombre de persona Emerson, Ralph Waldo,
Fechas asociadas al nombre 1803-1882
Subdivisión general ÉTICA
9 (RLIN) 27029
650 #0 - PUNTO DE ACCESO ADICIONAL DE MATERIA--TÉRMINO DE MATERIA
Término de materia o nombre geográfico como elemento de entrada Ética
9 (RLIN) 509
600 10 - PUNTO DE ACCESO ADICIONAL DE MATERIA--NOMBRE DE PERSONA
Nombre de persona Sarmiento, Domingo Faustino,
Fechas asociadas al nombre 1811-1888.
9 (RLIN) 15530
650 #4 - PUNTO DE ACCESO ADICIONAL DE MATERIA--TÉRMINO DE MATERIA
Término de materia o nombre geográfico como elemento de entrada Dogma
9 (RLIN) 27030
910 ## - DATOS DE OPCIÓN DEL USUARIO (OCLC)
Datos de opción del usuario Catalogación derivada
Holdings
Estado de retiro Estado de pérdida Restricciones de uso No para préstamo Código de colección Localización permanente Ubicación/localización actual Ubicación en estantería Fecha de adquisición Número de inventario Total de préstamos Signatura topográfica completa Código de barras Fecha visto por última vez Precio válido a partir de Tipo de ítem Koha
    Préstamo interno   Monografías: Libros y Folletos General General En catalogación 16.10.2009 LF1   170 I46h 11403-10 25.06.2020 25.06.2020 Préstamo interno

Powered by Koha